| 000 | 00443cam a2200181ua 4500 | ||
|---|---|---|---|
| 020 | _c4.00 | ||
| 041 |
_aeng _h |
||
| 082 |
_a519.5 _bWIL/EL |
||
| 100 | _aWilks, S S . | ||
| 245 |
_aElementary statistical analysis / _cS S Wilks. _hTextual Documents |
||
| 250 |
_a1 / _b. |
||
| 260 |
_aNewjersey : _bPrinceton university press , _c1958. |
||
| 300 | _a284 ; . | ||
| 365 | _a4.00 | ||
| 504 | _a | ||
| 942 | _cBK | ||
| 999 |
_c9128 _d9128 |
||